Statistiques concernant Culture Générale - Série 1085

Cliquez ici pour prendre le quiz!

Statistiques générales

  • Ce quiz a été pris 59 fois
  • Le résultat moyen est 7 sur 10

Statistiques - réponses

QuestionRéponse% Correct
D'après l'expression, quel insecte peut-on entendre voler quand le silence est total ?mouche
100%
Selon l'expression, quand on exaspère quelqu'un par des taquineries malveillantes et incessantes on dit qu'on le fait tourner en...bourrique
91%
Quel nom d'habitant d'une grande ville française, est l'anagramme d'"aspirine" ?parisien
86%
Quel oiseau figure sur les pièces allemandes de 1 euro ?aigle
82%
Dans quelle ville d'Italie se trouve le palais des Offices et le palais Pitti ?Florence
82%
Quel mot désigne à la fois une île anglo-normande et un tissu tricoté assez moulant ?Jersey
77%
Comme son nom l'indique, quel dinosaure avait trois cornes sur la tête ?tricératops
58%
Qui était le père d'Alexandre le Grand ? Philippe II de ...Macédoine
54%
Dans les aventures de Tintin, quel est le prénom du Professeur Tournesol ?Tryphon
47%
Dans son film "Aviator", de quel millionnaire américain Martin Scorsese retrace-t-il la vie ?Howard Hughes
25%

Distribution des résultats

Percentile par nombre de réponses

% des personnes avec chaque résultat

Votre développement - résultats

Vous n’avez pas pris ce quiz